00706nam a22001937a 4500999001900000005001700019010001500036020002600051035001400077037001400091082001600105245013100121260004700252270008900299300002800388500002300416700004300439942003000482 c171193d17119320200108124707.0 aENG-127297 c895.00a9789353282981 aEN-110829 bDBAD/PUB. a303.3850954 aSurviving on the Edge:ced by Shobna Sonpar(and) Neeru Kanwar.bPsychosocial Perspectives on vioience and Prejudice in India / aNew DelhibSage Publications India .c2019 aB1/I-1, Mohan Cooperative Industrial Area Mathura Road Post Bag 7bNew Delhie110044 axxviii,240p.c23cm.(hb) aIt includes index  aed by Shobna Sonpar(and) Neeru Kanwar. 2ddccENmSURh303.3850954